000 00509nam a2200205 a 4500
001 BRCA_5938
005 20190320205253.0
008 220311s1908----gw-#######---#000-0#ger-#
041 _ager
044 _agw
050 4 _aAE27
_b.B76
_c1908
245 1 0 _aBrock Konversations-Lexikon Neue Revidierte Jubilaeums.
250 _aedición de aniversario.
260 _aLeipzig
_bF.A Brockhaus
_c1908
300 _a17 v.
500 _aH174
650 1 4 _aEnciclopedia
_914999
902 _aGFM
942 _2lcc
_cB
999 _c5627
_d5627